UBT Library

Rheumatic disease clinics of north america: (Record no. 1876)

000 -LEADER
fixed length control field 00348nam a22001337a 4500
008 - FIXED-LENGTH DATA ELEMENTS--GENERAL INFORMATION
fixed length control field 160506b xxu||||| |||| 00| 0 eng d
020 ## - INTERNATIONAL STANDARD BOOK NUMBER
International Standard Book Number 9781416035466
020 ## - INTERNATIONAL STANDARD BOOK NUMBER
International Standard Book Number 141603446
020 ## - INTERNATIONAL STANDARD BOOK NUMBER
International Standard Book Number 0889857
041 ## - LANGUAGE CODE
Language code of text/sound track or separate title eng
080 ## - UNIVERSAL DECIMAL CLASSIFICATION NUMBER
Universal Decimal Classification number 61
245 ## - TITLE STATEMENT
Title Rheumatic disease clinics of north america:
Statement of responsibility, etc Stephen A. Paget MD; Mary K. Crow MD;
942 ## - ADDED ENTRY ELEMENTS (KOHA)
Source of classification or shelving scheme
Item type Books
Holdings
Withdrawn status Lost status Source of classification or shelving scheme Damaged status Not for loan Collection code Permanent location Current location Shelving location Date acquired Total Checkouts Full call number Barcode Date last seen Price effective from Koha item type
          Koleksioni i përgjithshem UBT - Lipjan UBT - Lipjan Koleksioni i përgjithshem 05/06/2016   61 PAG 002-028277 05/06/2016 05/06/2016 Books
UBT Library © 2015-2024. All rights reserved University Education for Business and Technology